Integration nicht ohne Ecken und Kanten
| Titel: | Integration nicht ohne Ecken und Kanten : Neueste Literatur zur historischen Flüchtlingseingliederung und Minderheitenpolitik |
|---|---|
| Verfasser: | |
| In: |
Neue politische Literatur, Band 45 (2000), Seite 292-307 alle Artikel anzeigen |
| Veröffentlicht: | 2000 |
| Format: | Aufsatz |
| Sprache: | Deutsch |
X
alg: 39503693 001A $01999:12-11-16 001B $01999:17-05-24 $t22:38:38.000 001C $06050:19-11-16 $t08:31:54.000 001D $01999:12-11-16 001U $0utf8 001X $00 002@ $0Aox 003@ $0395036933 007A $0395036933 $aHEB 007T $0Herd38938 010@ $ager 011@ $a2000 021A $aIntegration nicht ohne Ecken und Kanten $dNeueste Literatur zur historischen Flüchtlingseingliederung und Minderheitenpolitik 028A $aMesserschmidt $dRolf 031A $d45 $h292-307 $j2000 039B $aIn $8--Abvc--. Neue politische Literatur. - Wiesbaden : Springer VS, 1956-. - ISSN 0028-3320 $x200000000450000708 $9046846980 039T $8--Aay--Weiher, Uwe [Tnd]. Flüchtlingssituation und Flüchtlingspolitik. - Bremen : Staatsarchiv, 1998. - 272 Seiten. - Illustrationen. - ISBN 3-925729-24-0 $9055847234 045F $a900.9437 $eDDC23BSB 045F/01 $a900 045F/03 $g437 045T $a3,6 lok: 39503693 78 exp: 39503693 78 1 #EPN 201B/01 $018-11-16 $t13:33:13.000 201U/01 $0utf8 203@/01 $0791335542 208@/01 $a12-11-16 $be 209A/01 $a/ $f000 $x00 220C/01 $aTitelaufnehmer: mt 244Z/01 $2Trx $#Kesk- ja Ida- Euroopa kontseptsioonid $#Vidurio Europos koncepcijos $#East-Central Europe $#Keletközépeurópa-eszmék $#Europa Środkowo-Wschodnia koncepcje $#Európa stredovýchodná koncepcie $#Evropa střední, východní část koncepce $#Mitteleuropa $#Osteuropakonzeptionen $#Europa Środkowa koncepcje $#Stredná Európa koncepcie $#Střední Europa koncepce $8--Trx--Ostmitteleuropakonzeptionen $x01 $9391364286 244Z/01 $2Trx $#arvustused $#recenzijos $#Reviews $#recenziók $#recenzje $#recenzie $#recenze $8--Trx--Rezensionen $x02 $9391357441 247C/01 $82080>Marburg/Lahn, Herder-Institut, Forschungsbibliothek, Bibliographieportal $9336309341
| LEADER | 00000caa a22000002c 4500 | ||
|---|---|---|---|
| 001 | 395036933 | ||
| 003 | DE-603 | ||
| 005 | 20240517223838.0 | ||
| 007 | tu | ||
| 008 | 161112s2000 xx |||| | u00||u|ger c | ||
| 035 | |a (DE-599)HEB395036933 | ||
| 040 | |a DE-603 |b ger |c DE-603 |d DE-603 | ||
| 041 | |a ger | ||
| 082 | 0 | 4 | |8 1\u |a 900.9437 |q DE-101 |2 23/BSB |
| 084 | |a 3,6 |2 ssgn | ||
| 085 | |8 1\u |b 900 | ||
| 085 | |8 1\u |z 2 |s 437 | ||
| 100 | 1 | |a Messerschmidt, Rolf | |
| 245 | 0 | 0 | |a Integration nicht ohne Ecken und Kanten |b Neueste Literatur zur historischen Flüchtlingseingliederung und Minderheitenpolitik |
| 264 | 0 | |c 2000 | |
| 773 | 0 | 8 | |i In |t Neue politische Literatur |d Wiesbaden : Springer VS, 1956- |x 0028-3320 |g Band 45 (2000), Seite 292-307 |w (DE-603)046846980 |w (DE-600)3402-2 |
| 787 | 0 | 8 | |i Rezension von |a Weiher, Uwe |t Flüchtlingssituation und Flüchtlingspolitik |d Bremen : Staatsarchiv, 1998 |h 272 Seiten, Illustrationen |z 3925729240 |w (DE-603)055847234 |
| 924 | 0 | |9 2080 |a (DE-603)791335542 |b DE-2080 |c HES |d d |g / | |


